Welcome to CU Library Online Public Access Catalogue (OPAC)

Psychology / (Record no. 7372)

MARC details
000 -LEADER
fixed length control field 00654cam a2200229 a 4500
001 - CONTROL NUMBER
control field 12645995
005 - DATE AND TIME OF LATEST TRANSACTION
control field 20250825153158.0
008 - FIXED-LENGTH DATA ELEMENTS--GENERAL INFORMATION
fixed length control field 020116s2003 njua b 001 0 eng
020 ## - INTERNATIONAL STANDARD BOOK NUMBER
International Standard Book Number 0130982636
020 ## - INTERNATIONAL STANDARD BOOK NUMBER
International Standard Book Number 9780130982636
050 00 - LIBRARY OF CONGRESS CALL NUMBER
Classification number BF121
Item number .W27 2003
082 00 - DEWEY DECIMAL CLASSIFICATION NUMBER
Classification number 150
Edition information 21
100 1# - MAIN ENTRY--PERSONAL NAME
Personal name Wade, Carole
Titles and words associated with a name (Professor of psychology)
245 10 - TITLE STATEMENT
Title Psychology /
Statement of responsibility, etc. Carole Wade, Carol Tavris.
250 ## - EDITION STATEMENT
Edition statement 7th ed.
260 ## - PUBLICATION, DISTRIBUTION, ETC.
Place of publication, distribution, etc. Upper Saddle River, N.J. :
Name of publisher, distributor, etc. Prentice Hall,
Date of publication, distribution, etc. 2003.
300 ## - PHYSICAL DESCRIPTION
Extent xxxi, 766 p. :
Other physical details ill. (some col.);
Dimensions 28 cm.
500 ## - GENERAL NOTE
General note "Live! psych"--Cover
650 #0 - SUBJECT ADDED ENTRY--TOPICAL TERM
Topical term or geographic name entry element Psychology.
700 1# - ADDED ENTRY--PERSONAL NAME
Personal name Tavris, Carol.
942 ## - ADDED ENTRY ELEMENTS (KOHA)
Source of classification or shelving scheme Library of Congress Classification
Koha item type Books
Suppress in OPAC No
999 ## -
-- 7372
-- 7372
Holdings
Withdrawn status Lost status Source of classification or shelving scheme Damaged status Not for loan Collection Home library Current library Shelving location Date acquired Total checkouts Full call number Barcode Date last seen Copy number Price effective from Koha item type
    Library of Congress Classification     Non-fiction Undergraduate Library (Christ Temple) Undergraduate Library (Christ Temple) General stacks 08/25/2025   BF 121.W27 WAD ulct00004480 08/25/2025 1 08/25/2025 Books
© 2023-2024 Copyright: Central University Libraries. All Rights Reserved | Created by: Mahone Tech Office